Mit Herz und Sinnen: Spiritualität in religiösen Gemeinschaften des Mittelalters - ein Vorwort

Saved in:
Bibliographic Details
Main Author: Schneidmüller, Bernd (Author)
Format: Chapter/Article Conference Paper
Language:German
Published: 2024
In: (Er-)Leben von Spiritualität
Year: 2024, Pages: 9-19
Online Access: Get full text
Author Notes:Bernd Schneidmüller

MARC

LEADER 00000caa a2200000 c 4500
001 1908161655
003 DE-627
005 20260420230223.0
007 tu
008 241111s2024 xx ||||| 00| ||ger c
035 |a (DE-627)1908161655 
035 |a (DE-599)KXP1908161655 
040 |a DE-627  |b ger  |c DE-627  |e rda 
041 |a ger 
084 |a 63  |2 sdnb 
084 |a 1  |a 0  |2 ssgn 
100 1 |a Schneidmüller, Bernd  |d 1954-  |e VerfasserIn  |0 (DE-588)122170725  |0 (DE-627)08177947X  |0 (DE-576)162950454  |4 aut 
245 1 0 |a Mit Herz und Sinnen  |b Spiritualität in religiösen Gemeinschaften des Mittelalters - ein Vorwort  |c Bernd Schneidmüller 
264 1 |c 2024 
300 |a 11 
336 |a Text  |b txt  |2 rdacontent 
337 |a ohne Hilfsmittel zu benutzen  |b n  |2 rdamedia 
338 |a Band  |b nc  |2 rdacarrier 
773 0 8 |i Enthalten in  |a Forum Kunst des Mittelalters (6. : 2022 : Frankfurt am Main)  |t (Er-)Leben von Spiritualität  |b 1. Auflage  |d Regensburg : Schnell & Steiner, 2024  |g (2024), Seite 9-19  |h 406 Seiten  |w (DE-627)1893386694  |z 9783795438890  |z 3795438896  |7 nnam 
773 1 8 |g year:2024  |g pages:9-19  |g extent:11  |a Mit Herz und Sinnen Spiritualität in religiösen Gemeinschaften des Mittelalters - ein Vorwort 
935 |a mteo 
951 |a AR 
992 |a 20251208 
993 |a ConferencePaper 
994 |a 2024 
998 |g 122170725  |a Schneidmüller, Bernd  |m 122170725:Schneidmüller, Bernd  |d 70000  |e 70000PS122170725  |k 0/70000/  |p 1  |x j  |y j 
999 |a KXP-PPN1908161655  |e 4824323258 
BIB |a Y 
JSO |a {"relHost":[{"titleAlt":[{"title":"Leben von Spiritualität"},{"title":"Erleben von Spiritualität"}],"relMultPart":[{"language":["ger"],"id":{"eki":["802538673"],"zdb":["2798800-4"]},"recId":"802538673","origin":[{"dateIssuedKey":"2014","publisher":"Schnell + Steiner","dateIssuedDisp":"2014-","publisherPlace":"Regensburg"}],"title":[{"subtitle":"Studien und Texte","title":"Klöster als Innovationslabore","title_sort":"Klöster als Innovationslabore"}],"physDesc":[{"noteFormat":"25 cm"}],"dispAlt":"Klöster als Innovationslabore","disp":"Klöster als Innovationslabore","pubHistory":["1.2014 -"],"part":{"number":["Band 14"],"number_sort":["14"]},"type":{"bibl":"serial"}}],"person":[{"given":"Julia","display":"Becker, Julia","role":"edt","family":"Becker"},{"family":"Kimpel","role":"edt","display":"Kimpel, Isabel","given":"Isabel"},{"family":"Narchi","display":"Narchi, Jonas","given":"Jonas","role":"edt"},{"role":"edt","given":"Bernd","display":"Schneidmüller, Bernd","family":"Schneidmüller"}],"origin":[{"publisherPlace":"Regensburg","dateIssuedDisp":"[2024]","publisher":"Schnell & Steiner","dateIssuedKey":"2024","edition":"1. Auflage","editionNo":"1"}],"name":{"displayForm":["herausgegeben von Julia Becker, Isabel Kimpel, Jonas Narchi und Bernd Schneidmüller"]},"recId":"1893386694","title":[{"title":"(Er-)Leben von Spiritualität","subtitle":"die fünf Sinne in religiösen Gemeinschaften des Mittelalters","title_sort":"(Er-)Leben von Spiritualität"}],"part":{"pages":"9-19","year":"2024","extent":"11","text":"(2024), Seite 9-19"},"type":{"bibl":"book"},"id":{"isbn":["9783795438890","3795438896"],"eki":["1893386694"]},"language":["ger","eng"],"corporate":[{"role":"aut","display":"Forum Kunst des Mittelalters (6., 2022, Frankfurt am Main)"},{"display":"Verlag Schnell & Steiner","role":"pbl"}],"disp":"Forum Kunst des Mittelalters (6. : 2022 : Frankfurt am Main)(Er-)Leben von Spiritualität","physDesc":[{"noteFormat":"25 cm","extent":"406 Seiten","noteIll":"Illustrationen"}]}],"id":{"eki":["1908161655"]},"language":["ger"],"type":{"bibl":"chapter"},"physDesc":[{"extent":"11 S."}],"person":[{"role":"aut","display":"Schneidmüller, Bernd","given":"Bernd","family":"Schneidmüller"}],"title":[{"subtitle":"Spiritualität in religiösen Gemeinschaften des Mittelalters - ein Vorwort","title":"Mit Herz und Sinnen","title_sort":"Mit Herz und Sinnen"}],"origin":[{"dateIssuedKey":"2024","dateIssuedDisp":"2024"}],"recId":"1908161655","name":{"displayForm":["Bernd Schneidmüller"]}} 
SRT |a SCHNEIDMUEMITHERZUND2024